| 000 | 00387 a2200109 4500 | ||
|---|---|---|---|
| 001 | ART_38182 | ||
| 005 | 20260410161803.0 | ||
| 008 | 260409a | ||
| 245 | 1 | 0 | _aImpacto de la sanción del código Civil unificado, en especial sobre las personas jurídicas |
| 100 | 1 | _aRodríguez, Raquel E. | |
| 773 | 0 |
_tDoctrina Societaria y Concursal _g- Nº 337 (dic. 2015) _wREV4298 |
|
| 999 |
_c20770 _d20770 |
||